000 02095cam a2200397 4500
008 040428n2004 000 0 eng u
020 _a0860175871
035 _a(Sirsi) u126044
041 _aeng
050 _a333.72
_c18
100 _aNewton, John
245 _aWorking with wildlife
_ba resource and training pack for the construction industry.
260 _aLondon
_bCIRIA
_c2004
300 _a1v. (loose-leaf)
_c31cm.
350 _a95
505 _aIntroduction to ecology and construction
505 _aBackgroud to ecology
505 _aBasic ecological concepts
505 _aEcology and construction
505 _aSurvey and assessment
505 _aLegislation, planning policy and guidance
505 _aWho's who in ecology
505 _aWhere next?
520 _aThis mixed-media pack presents information and guidance to enable a wide range of people involved with the construction industry to stay within the law relating to wildlife, and to understand and implement good practice in protecting wildlife on development and construction projects. The first section describes how to use the pack and how to implement the training sessions. Includes: background notes on the fundamentals of ecology; an introduction to legislation governing wildlife and construction issues; practical guidance on dealing with wildlife on sites; and references and a gazetteer of useful organisations. Supporting materials include: briefing sheets on individual species and the different types of habitat; toolbox talks; and a quiz for training session delegates. A 32-page pocket book (publication C613) is included in the pack. An accompanying CD Rom is available for reference use in the library.
650 _aBIODIVERSITY
650 _aBUILDING ECOLOGY
650 _aECOLOGICAL CONSIDERATIONS
650 _aEnvironment
_96238
650 _aSUSTAINABLE DEVELOPMENT
650 _aENVIRONMENTAL LAWS
650 _aSITE MANAGEMENT
650 _aSUSTAINABLE CONSTRUCTION
650 _aECOLOGY
690 _aBUILDING AND CONSTRUCTION-SUSTAINABLE
942 _n0
999 _c103556
_d103556